| 000 | 00561nam a2200181Ia 4500 | ||
|---|---|---|---|
| 003 | GCL | ||
| 008 | 140319s9999 xx 000 0 ara d | ||
| 040 |
_aGCL / _cGCL |
||
| 082 | 0 | 4 |
_a928.5561 _bع ش |
| 100 | 1 | _aعيسى ميخائيل سابا | |
| 245 | 1 | 0 |
_aالشيخ ناصيف اليازجى / _cعيسى ميخائيل سابا |
| 300 | _a102 ص | ||
| 490 |
_aنوابغ الفكر العربى _v0 |
||
| 650 | 0 | 4 | _aالادب العربى |
| 650 | 0 | 4 | _aالادباء العرب - لبنان |
| 650 | 0 | 4 | _aناصيف اليازجى |
| 942 |
_2ddc _cBK |
||
| 999 |
_c49042 _d49042 |
||